000 00302nam a22001337a 4500
008 171202b xxu||||| |||| 00| 0 eng d
020 _a394371001
041 _aeng
080 _a94
100 _a16
101 _aHIS
245 _aA HISTORY OF AMERICAN ECONOMIC LAW
_cKIRKLAND, E.C
942 _2udc
_cBK
999 _c38730
_d38730